Mistrovství ve Visual C++ : Podrobný průvodce tvorbou aplikací

Gespeichert in:
Bibliographische Detailangaben
1. Verfasser: Kruglinski, David J. (Verfasst von)
Format: Buch
Sprache:Tschechisch
Veröffentlicht: Brno : Computer Press, 1999
Schlagworte:
Tags: Tag hinzufügen
Keine Tags, Fügen Sie das erste Tag hinzu!

MARC

LEADER 00000nam a22000003a 4500
001 stu50230
005 20150617225707.7
008 990712s1999------------------------cze-d
020 |a 80-7226-132-0 
040 |a STU  |b slo 
041 0 |a cze 
080 |a 681.32.06 C plus plus 
080 |a 519.68 
084 |a C6110V  |2 INS 
084 |a C6130B  |2 INS 
084 |a C6140  |2 INS 
084 |a C6180G  |2 INS  |7 stu_us_auth*stu15346 
100 1 |a Kruglinski, David J.  |4 aut 
245 1 |a Mistrovství ve Visual C++ :  |b Podrobný průvodce tvorbou aplikací 
260 |a Brno :  |b Computer Press,  |c 1999 
300 |a 854 s 
650 7 |a programovacie jazyky  |2 stusub 
650 7 |a vizuálne programovanie  |2 stusub 
996 |b 284EK82816  |c E*82816  |l EE01  |s A  |a 24  |w stu50230_0001